000 02016nam a2200349 i 4500
001 768714001
003 CO-MdFUSB
005 20220509162646.0
007 ta
008 960612t19931993enk 001 0 eng d
020 _a0951835637
040 _aEAS
_cCO-MdFUSB
_dCAP
_dUtOrBLW
_bspa
_erda
041 _aeng
082 _223
_a222.1106
_bH432
245 0 0 _aHe swore an oath :
_bBiblical themes from Genesis 12-50
_c/ editado por R.S. Hess, P.E. Satterthwaite, and G.J. Wenham.
264 1 _aCambridge :
_bTyndale House,
_c[1993]
264 4 _c©1993.
300 _a222 páginas ;
_c22 cm.
336 _atexto
_btxt
_2rdacontent.
337 _asin mediación
_bn
_2rdamedia.
338 _avolumen
_bnc
_2rdacarrier.
504 _aIncluye referencias bibliográficas e indice.
505 _aAbraham reevaluado teológicamente: la narrativa de Abraham y la comprensión del Nuevo Testamento de la justificación por la fe / T. Desmond Alexander. -- 'Tú eres linaje de Abraham, amigo mío': Abraham en Isaías 41 / John Goldingay. -- La matanza de los animales en Génesis 15: Génesis 15:8-21 y su antiguo contexto del Cercano Oriente / Richard S. Hess. -- Génesis 12-50 en el mundo del Cercano Oriente / Kenneth A. Kitchen. -- Abraham y Melquisedec: horizontes en Génesis 14 / J. Gordon McConville. -- Abraham, Akhenaton, Moisés y el monoteísmo / Alan R. Millard. -- Vocabulario compartido en el Pentateuco y el Libro de Daniel / Terence C. Mitchell. -- Cristo como la clave de las Escrituras: Génesis 22 reconsiderado / RWL Moberly. -- Génesis 32: ilumina nuestras tinieblas, Señor, te rogamos / David F. Pennant. -- El rostro en el fondo del pozo: agendas ocultas del comentarista del Pentateuco / Gordon Wenham.
563 _aRústico
630 7 _aBiblia.
_pGénesis
_xCrítica, interpretación, etc.
700 1 _aHess, Richard S.
_eeditor
700 1 _aSatterthwaite, P. E.
_eeditor
700 1 _aWenham, Gordon J.
_eeditor
942 _cBK
945 _aJTF-925
999 _c67407
_d67407